000 01293nam a2200289 a 4500
001 000016904
003 DO-SdBNP
005 20250205102652.0
007 ta
008 100312s20uu dr 001 0 spa d
040 _aDO-SdBNP
_bspa
_cBNPHU
_erda
049 _aBNPD
082 4 _axxxx
_bL697et
_222
245 1 0 _aLibros de texto del nuevo curriculum :
_bcriterios, contenidos generales y especificaciones.Técnicas para su elavoración y evaluación /
_cpresentación, Melba Báez de Erazo ; introducción, Ramón Morrison.
246 1 4 _aLibros de texto del nuevo curriculum :
_bcriterios, contenidos generales y especificaciones. Técnicas para su elavoración y evaluación
264 1 _aSanto Domingo :
_bSecretaría de Estado de Educación, Bellas Artes y Cultos:
_bBID,
_c20u?.
336 _atecto
_btxt
_2rdacontent
337 _asin mediación
_bn
_2rdamedia
338 _avolumen
_bnc
_2rdacarrier
490 _aColección Fortalecimiento institucional
500 _aIncluye notas al pie de las páginas
500 _aNivel básico
700 1 _aBáez de Erazo, Melva,
_epresentación
_937393
700 1 _aMorrison, Ramón,
_eintroducción
_4int.
_917447
710 1 _aRepública Dominicana.
_bSecretaría de Estado de Educación, Bellas Artes y Cultos
_923965
942 _2ddc
_cLBS1
999 _c16436
_d16436